| 000 | 01750nam a2200433Ii 4500 | ||
|---|---|---|---|
| 001 | DIGUAL0042 | ||
| 003 | NyNyDIG | ||
| 006 | m o d | ||
| 007 | cr ||||||||||| | ||
| 008 | 121201s1999 sp b ob 000 0 spa d | ||
| 020 | _z8479085088 | ||
| 020 | _z9788479085087 | ||
| 035 | _a(OCoLC)667101388 | ||
| 040 |
_aDGITA _beng _epn _cDGITA |
||
| 043 | _ae-sp--- | ||
| 050 | 1 | 4 | _aDP270 eBook |
| 245 | 0 | 3 |
_aEl franquismo /: _bvisiones y balances / _cRoque Moreno Fonseret, Francisco Sevillano Calero, eds. |
| 264 | 1 |
_aAlicante : _bUniversidad de Alicante, Secretariado de Publicaciones, _c1999. |
|
| 300 |
_a1 online resource (368 pages) : _bmaps |
||
| 336 |
_atext _btxt _2rdacontent |
||
| 337 |
_acomputer _bc _2rdamedia |
||
| 338 |
_aonline resource _bcr _2rdacarrier |
||
| 490 | 1 | _aPublicaciones de la Universidad de Alicante. | |
| 500 | _a"Trabajos aquí presentados constituyeron otras tantas aportaciones al curso 'España durante el franquismo' ... 1999 en la Universidad de Alicante ... del Instituto de Ciencias de la Educación"--P. [9]. | ||
| 504 | _aIncludes bibliographical references. | ||
| 600 | 1 | 0 |
_aFranco, Francisco, _d1892-1975. |
| 651 | 0 |
_aSpain _xHistory _y1939-1975 _vCongresses. |
|
| 651 | 0 |
_aSpain _xPolitics and government _y1939-1975 _vCongresses. |
|
| 650 | 0 | _aFrancoism. | |
| 655 | 0 | _aElectronic books. | |
| 700 | 1 | _aMoreno Fonseret, Roque. | |
| 700 | 1 | _aSevillano Calero, Francisco. | |
| 791 | 2 |
_aDigitalia (Firm), _edistributor. |
|
| 830 | 0 | _aPublicaciones de la Universidad de Alicante. | |
| 793 | 0 |
_gDigitalia eBook Collection: _aUniv. de Alicante. |
|
| 856 | 4 | 0 |
_3Digitalia Hispánica _uhttps://www.digitaliapublishing.com/a/657/ |
| 910 | _aPremium Collection: 2007-2012 | ||
| 942 | _cRAA | ||
| 999 |
_c229669 _d229669 |
||